000 01747cam a2200289zu 4500
001 88921398
003 FRCYB88921398
005 20251020123022.0
006 m o d
007 cr un
008 251020s2018 fr | o|||||0|0|||fre d
020 _a9782200622145
035 _aFRCYB88921398
040 _aFR-PaCSA
_bfr
_c
_erda
100 1 _aDebarbieux, Eric
245 0 1 _aL'impasse de la punition à l'école
_bDes solutions alternatives en classe
_c['Debarbieux, Eric', 'Collectif']
264 1 _bArmand Colin
_c2018
300 _a p.
336 _btxt
_2rdacontent
337 _bc
_2rdamdedia
338 _bc
_2rdacarrier
650 0 _a
700 0 _aDebarbieux, Eric
700 0 _aCollectif
856 4 0 _2Cyberlibris
_uhttps://international.scholarvox.com/netsen/book/88921398
_qtext/html
_a
520 _aL'ouvrage montre de manière très concrète  comment «  faire discipline  » dans la classe et par là même prévenir et gérer les problèmes de violence et de harcèlement entre élèves ou vis-à-vis de l'enseignant. Cet ouvrage s'appuie sur des expériences de terrain récentes, menées à la fois en milieu banal mais aussi et surtout dans les établissements et écoles des sites de l'éducation prioritaire en France. Ces expériences impliquent diverses solutions  : la pédagogie coopérative, la discipline positive, la justice réparatrice, la communication non violente, la communication avec les parents. Il  évoque aussi les possibilités d'entraide dans un établissement scolaire. Ce livre sera d'un recours précieux  aux enseignants  en exercice et en formation,  peu préparés à  affronter ces problèmes de discipline ainsi qu'aux  formateurs d'enseignants.
999 _c1552702
_d1552702